| 000 | 00498nam a2200145 4500 | ||
|---|---|---|---|
| 001 | 131395 | ||
| 003 | ES-MaACL | ||
| 005 | 20230906193954.0 | ||
| 007 | t| | ||
| 008 | 070214s1906 sp r ||||1| spa d | ||
| 100 | 1 |
_aRodríguez, Pedro Pascual. _998293 |
|
| 245 | 1 | 0 |
_aOrtografía moderna _b: estudio y proyecto de la reforma radical de la ortografía castellana / _cPedro Pascual Rodríguez. |
| 260 |
_aMadrid : _b[s.n.], _c1906 ( _fImp. Hijos de M. G. Hernández) |
||
| 852 |
_aES-MaACL _jT-1404-F-2 |
||
| 999 |
_c131395 _d131395 |
||